1201 1447 1272 1097 1169 1003 1374 1323 1776 1934 1847 1271 1087 1735 1975 1720 1996 1367 1019 1614 1416 1482 1968 1218 1832 1017 1414 1137 1766 1830 1587 1917 1717 1851 1749 1926 1081 1955 1212 1792 1324 1724 1097 1241 1734 1604 1620 1903 1805 1073 1218 1718 1407 1347 1846 1663 1948 1909 1247 1908 1221 1301 1032 1178 1958 1390 1251 1475 1781 1276 1962 1796 1326 1955 1855 1554 1374 1917 1059 1243 1347 1193 1742 1256 1492 1148 1472 1363 1648 1372 1180 1579 1782 1961 1591 1859 1838 1537 1722 BCNSPRNW ULIB Ver.6.0+V

เปลี่ยนเป็นภาษาไทย

Change to English
 แสดงรายละเอียดบรรณานุกรม
  กลับหน้าหลัก

Brief Record : Get Marc (ISO 2709) : E-mail record : QR code < ปิดหน้าต่าง
LEADER : 00000nam 2200000uu 4500
001    13399109378
003     ULIB
008    110331s2552||||th 000 0 tha d
020    9786115070060(ล.1)
060 04 QV766^bภ492ค 2552 ล.1
100 0  ภาสกิจ (วิทวัส) วัณนาวิบูล
245 10 คู่มือสมุนไพรจีนกับการรักษาทางคลินิก /^cโดย ภาสกิจ(วิทวัส) วัณนาวิบูล
260    กรุงเทพฯ :^bหมอชาวบ้าน,^c2552
300    215 หน้า :^bภาพประกอบ ;^c21 ซม.
650  7 การรักษาด้วยสมุนไพร
650  7 สมุนไพร^zจีน
650  7 ยาสมุนไพร
945    ^p180^l0^i18125
995    เกษร
999    ^aใช้งานได้ทุกระบบ
รายการนี้ยังไม่มีแท็ก
คุณยังไม่ได้ล็อกอิน คุณสามารถมีกิจกรรมร่วมกับเว็บไซต์ได้ แต่ต้องล็อกอินก่อน ::
  ล็อกอิน

รายการสื่อสารสนเทศ

ลำดับที่ ประเภท เลขเรียก/บาร์โค้ด สถานที่ สถานะ
- ไม่พบข้อมูล -

รายการใกล้เคียง
    ผู้แต่ง [ภาสกิจ (วิทวัส) วัณนาวิบูล]

    หัวเรื่อง [การรักษาด้วยสมุนไพร]
    หัวเรื่อง [ยาสมุนไพร]

BibComment


ยังไม่เคยถูกคอมเมนท์

คอมเมนท์ทรัพยากรรายการนี้
  คอมเมนท์: คู่มือสมุนไพรจีนก..


 Copyright 2026. Bcnsprnw @Library